000 00809nam a22002537a 4500
003 DO-SdBNP
005 20230301095301.0
007 ta
008 221104b2022 dr a|||| |||| 00| 0 spa d
020 _a9789945808667
040 _aDO-SdBNP
_bspa
_cBNPHU
082 4 _a616.462
_bM863h
_222
100 _926834
_aMorla Báez, Elbi
245 1 0 _aMi hijo tiene diabetes :
_bQué debo hacer ? /
_cElbi Morla Báez ; prólogo Olimpia Paredes
260 _aSanto Domingo :
_bDiEditores,
_c2022.
300 _a94 p. :
_bil. ;
_c23 cm.
500 _aIncluye datos biográficos del autor en la contracubierta
590 _aInventariado, 2022/BT
650 4 _aDiabetes mellitus
_962470
650 4 _aDiabetes infantil
_926835
700 1 _aParedes, Olimpia,
_epról.
_982699
910 _aBtavárez
942 _2ddc
_cLBS1
999 _c52786
_d52786